[Event "Fagernes op"]
[Site "Fagernes"]
[Date "2024.03.29"]
[Round "7"]
[White "Lien, Sebastian"]
[Black "Evenshaug, Amadeus Hestvik"]
[Result "1-0"]
[WhiteElo "1885"]
[BlackElo "2035"]
[PlyCount "181"]
[EventDate "2024.03.24"]
[EventType "swiss"]
[EventRounds "9"]
[EventCountry "NOR"]
[SourceTitle "CB14_2024"]
[SourceDate "2024.04.01"]
[SourceVersion "1"]
[SourceVersionDate "2024.04.01"]
[SourceQuality "1"]

1. d4 Nf6 2. c4 e6 3. Nf3 d5 4. Nc3 Be7 5. Bg5 h6 6. Bh4 0-0 7. e3 Nbd7 8. cxd5 exd5 9. Bd3 c6 10. Qc2 Ne8 11. Bxe7 Qxe7 12. 0-0 Nd6 13. b4 Nb6 14. b5 Bd7 15. bxc6 Bxc6 16. Ne5 Rfc8 17. Qb3 Nbc4 18. Nxc6 bxc6 19. Qc2 Rab8 20. Na4 Rb4 21. a3 Rbb8 22. Rfb1 Qc7 23. Nc5 Rxb1+ 24. Qxb1 Rb8 25. Qc1 Qa5 26. a4 Rb4 27. Bxc4 Nxc4 28. h3 Qb6 29. Qd1 g6 30. Nd7 Qd8 31. Nc5 Rb2 32. Rb1 Qb6 33. Rxb2 Qxb2 34. Qg4 Qb1+ 35. Kh2 Qb8+ 36. Qg3 Qd8 37. Qg4 Nd2 38. Qe2 Qb8+ 39. g3 Nc4 40. Kg2 h5 41. e4 Qb2 42. Qd3 Qc1 43. Nd7 Kg7 44. Qf3 Qg5 45. e5 Nb6 46. Nc5 Qe7 47. Qc3 Nc4 48. a5 h4 49. a6 hxg3 50. Qxg3 Nb6 51. Qf4 Nc8 52. Qg4 Nb6 53. h4 Kh6 54. f4 Nc4 55. Kf2 f5 56. Qg5+ Qxg5 57. hxg5+ Kg7 58. Ne6+ Kg8 59. Nd8 Na3 60. Nxc6 Nb5 61. Ke3 Kf7 62. Kd3 Nc7 63. Nxa7 Nxa6 64. Nb5 Ke7 65. Nc3 Nb4+ 66. Kd2 Kd7 67. Ne2 Nc6 68. Kc3 Nd8 69. Kb4 Kc6 70. Ng1 Ne6 71. Ne2 Nd8 72. Kc3 Ne6 73. Kd3 Kb5 74. Nc3+ Kc6 75. Ke3 Nc7 76. Na4 Nb5 77. Nc5 Nc3 78. Ne6 Nd1+ 79. Kd2 Nf2 80. Nf8 Nh3 81. Nxg6 Kd7 82. Ke3 Ke6 83. Nh4 Kf7 84. Nxf5 Ke6 85. Ng3 Kf7 86. Ne2 Ke6 87. Kf3 Kf5 88. Kg3 Nxf4 89. Nxf4 Kxg5 90. Kf3 Kf5 91. Nxd5 1-0

[Event "Hastings Masters op"]
[Site "Hastings"]
[Date "2023.12.31"]
[Round "4"]
[White "Evenshaug, Amadeus Hestvik"]
[Black "Ahn, Sungmin"]
[Result "0-1"]
[WhiteElo "2041"]
[BlackElo "1836"]
[PlyCount "88"]
[EventDate "2023.12.28"]
[EventType "swiss"]
[EventRounds "9"]
[EventCountry "ENG"]
[SourceTitle "CB02_2024"]
[SourceDate "2024.01.10"]
[SourceVersion "1"]
[SourceVersionDate "2024.01.10"]
[SourceQuality "1"]

1. e4 e6 2. d4 d5 3. Nc3 Nf6 4. e5 Nfd7 5. f4 c5 6. Nf3 Nc6 7. Be3 Be7 8. Qd2 0-0 9. 0-0-0 c4 10. h4 b5 11. Ne2 b4 12. b3 c3 13. Qe1 a5 14. Kb1 a4 15. Nc1 axb3 16. cxb3 Qa5 17. Qf2 Ba6 18. Qc2 Rfc8 19. g4 Na7 20. Bd3 Bxd3 21. Nxd3 Nb5 22. Bc1 Qd8 23. Rh2 Ra7 24. Nc5 Bxc5 25. dxc5 Rxc5 26. Ng5 Nf8 27. f5 d4 28. f6 gxf6 29. exf6 Rd7 30. Rd3 Re5 31. Nf3 Re3 32. a4 bxa3 33. Rxe3 dxe3 34. Ka2 Qxf6 35. Ng5 Qf4 36. Re2 Nd4 37. Bxe3 Qxe3 38. Rxe3 Nxc2 39. Rxc3 Rd2 40. Ne4 Rg2 41. Nf6+ Kg7 42. Nh5+ Kh6 43. Ng3 Ne3+ 44. Kxa3 Rxg3 0-1

[Event "Riga Tech op-A"]
[Site "Riga"]
[Date "2023.08.07"]
[Round "1"]
[White "Evenshaug, Amadeus Hestvik"]
[Black "Miezis, Normunds"]
[Result "0-1"]
[WhiteElo "2014"]
[BlackElo "2430"]
[PlyCount "80"]
[EventDate "2023.08.07"]
[EventType "swiss"]
[EventRounds "9"]
[EventCountry "LAT"]
[SourceTitle "CBM 215 Extra"]
[Source "ChessBase"]
[SourceDate "2023.09.30"]
[SourceVersion "1"]
[SourceVersionDate "2023.09.30"]
[SourceQuality "1"]

1. e4 c5 2. Nf3 e6 3. d4 cxd4 4. Nxd4 a6 5. Bd3 g6 6. 0-0 Bg7 7. Nb3 Ne7 8. Nc3 0-0 9. f4 d6 10. Qe1 Nbc6 11. Be3 f5 12. Rd1 Qc7 13. exf5 Nxf5 14. Bxf5 gxf5 15. Qd2 d5 16. Rf3 Rf6 17. Rg3 Bd7 18. Qf2 Be8 19. Bb6 Qf7 20. Nd4 Rg6 21. Rxg6 hxg6 22. Re1 Bd7 23. Nxc6 bxc6 24. Bd4 Rb8 25. b3 c5 26. Be5 Bxe5 27. Rxe5 Qf8 28. Qh4 Qd8 29. Qh6 Qf6 30. h4 Rf8 31. Nb1 Kf7 32. Nd2 Rh8 33. Qg5 Rxh4 34. Qxf6+ Kxf6 35. g3 Rg4 36. Kf2 g5 37. Kf3 gxf4 38. gxf4 Bc6 39. Ke3 d4+ 40. Ke2 Bd5 0-1

[Event "Fagernes op-A"]
[Site "Fagernes"]
[Date "2023.04.04"]
[Round "3"]
[White "Evenshaug, Amadeus Hestvik"]
[Black "Mizzi, Jack"]
[Result "1-0"]
[WhiteElo "1930"]
[BlackElo "2049"]
[PlyCount "111"]
[EventDate "2023.04.02"]
[EventType "swiss"]
[EventRounds "9"]
[EventCountry "NOR"]
[SourceTitle "CBM 213 Extra"]
[Source "ChessBase"]
[SourceDate "2023.05.31"]
[SourceVersion "1"]
[SourceVersionDate "2023.05.31"]
[SourceQuality "1"]

1. e4 c6 2. d4 d5 3. Nc3 dxe4 4. Nxe4 Bf5 5. Ng3 Bg6 6. h4 h6 7. Nf3 e6 8. h5 Bh7 9. Bd3 Bxd3 10. Qxd3 Nf6 11. Bd2 Be7 12. 0-0-0 c5 13. Kb1 Nc6 14. Ne4 cxd4 15. Nxf6+ Bxf6 16. g4 Qd5 17. c4 dxc3 18. Qxd5 exd5 19. Rhe1+ Ne7 20. Bxc3 Bxc3 21. bxc3 Rd8 22. Rd3 Rd6 23. Rde3 Re6 24. Rxe6 fxe6 25. Rxe6 Rf8 26. Nh4 Rf6 27. Rxf6 gxf6 28. Kc2 Kf7 29. Kd3 Nc6 30. f4 Kg7 31. Nf5+ Kh7 32. Nd6 b6 33. Ne8 f5 34. gxf5 Kg8 35. Nf6+ Kf7 36. Nxd5 b5 37. Ke4 a5 38. Ne3 b4 39. cxb4 axb4 40. Ng4 Na5 41. Nxh6+ Kg7 42. Ng4 b3 43. axb3 Nxb3 44. f6+ Kf7 45. Ke5 Nc5 46. Nh6+ Kf8 47. Kf5 Nb3 48. Ng4 Nd4+ 49. Kg6 Ne6 50. h6 Kg8 51. h7+ Kh8 52. Ne5 Nf8+ 53. Kh6 Nxh7 54. Ng6+ Kg8 55. f7+ Kxf7 56. Kxh7 1-0

[Event "Krakow op-B"]
[Site "Krakow"]
[Date "2022.06.26"]
[Round "2"]
[White "Evenshaug, Amadeus Hestvik"]
[Black "Cichon, Jakub"]
[Result "0-1"]
[WhiteElo "1785"]
[BlackElo "1900"]
[PlyCount "70"]
[EventDate "2022.06.25"]
[EventType "swiss"]
[EventRounds "9"]
[EventCountry "POL"]
[SourceTitle "EXT 2023"]
[Source "ChessBase"]
[SourceDate "2022.10.05"]
[SourceVersion "1"]
[SourceVersionDate "2022.10.05"]
[SourceQuality "1"]

1. b3 b6 2. Bb2 Bb7 3. Nf3 Nf6 4. e3 g6 5. c4 Bg7 6. d4 e6 7. Be2 0-0 8. Nbd2 Qe7 9. Qc2 d5 10. a4 Rc8 11. c5 a5 12. 0-0 bxc5 13. dxc5 Nfd7 14. Ba3 c6 15. Ra2 Ba6 16. Bxa6 Nxa6 17. Rc1 Rcb8 18. Nd4 Rc8 19. N2f3 e5 20. Ne2 Rab8 21. e4 d4 22. Nd2 Bh6 23. f4 Nb4 24. Bxb4 Rxb4 25. Nf3 d3 26. Qxd3 Nxc5 27. Qe3 Nxe4 28. Rc4 exf4 29. Nxf4 Rxc4 30. bxc4 Bxf4 31. Qxf4 Qc5+ 32. Kf1 Qxc4+ 33. Re2 Re8 34. Ne5 Nd2+ 35. Kf2 Qxf4+ 0-1

[Event "Fagernes op"]
[Site "Fagernes"]
[Date "2020.10.09"]
[Round "7"]
[White "Evenshaug, Amadeus Hestvik"]
[Black "Rynning, Rune Kleiven"]
[Result "1-0"]
[WhiteElo "1520"]
[BlackElo "1678"]
[PlyCount "111"]
[EventDate "2020.10.04"]
[EventType "swiss"]
[EventRounds "9"]
[EventCountry "NOR"]
[SourceTitle "EXT 2024"]
[Source "ChessBase"]
[SourceDate "2023.10.10"]
[SourceVersion "1"]
[SourceVersionDate "2023.10.10"]
[SourceQuality "1"]

1. e4 c5 2. Nf3 d6 3. d4 cxd4 4. Nxd4 Nf6 5. Nc3 a6 6. Be2 e5 7. Nb3 Be6 8. Be3 Be7 9. 0-0 Nc6 10. a3 d5 11. exd5 Nxd5 12. Nxd5 Bxd5 13. c4 Be4 14. Nc5 Bxc5 15. Bxc5 Qg5 16. g3 Rd8 17. Qb3 Nd4 18. Bxd4 Rxd4 19. Qa4+ Bc6 20. Qa5 Rd2 21. h4 b6 22. Qxb6 Qf6 23. Qb8+ Ke7 24. Qa7+ Ke8 25. Bg4 h5 26. Bh3 Qf3 27. Qb8+ Rd8 28. Qxe5+ Kf8 29. Kh2 Rd2 30. Qb8+ Ke7 31. Qc7+ Kf6 32. Qf4+ Qxf4 33. gxf4 Rxb2 34. Rab1 Rhb8 35. Rbd1 Bb7 36. Rd6+ Ke7 37. c5 Rc2 38. Rd7+ Kf8 39. Rc7 Be4 40. Bc8 a5 41. Kg1 Rb3 42. Rd1 Kg8 43. Re1 Rc4 44. Bd7 Rxa3 45. Rc8+ Kh7 46. Rxe4 Rc1+ 47. Kg2 Raa1 48. Re7 Rg1+ 49. Kf3 Kg6 50. Rc6+ f6 51. f5+ Kh7 52. Be8 Ra3+ 53. Re3 Ra2 54. Bg6+ Rxg6 55. fxg6+ Kxg6 56. Rc3 1-0

[Event "Fagernes op"]
[Site "Fagernes"]
[Date "2020.10.08"]
[Round "6"]
[White "Schouten, Mathias Lind"]
[Black "Evenshaug, Amadeus Hestvik"]
[Result "1-0"]
[WhiteElo "1822"]
[BlackElo "1520"]
[PlyCount "113"]
[EventDate "2020.10.04"]
[EventType "swiss"]
[EventRounds "9"]
[EventCountry "NOR"]
[SourceTitle "EXT 2024"]
[Source "ChessBase"]
[SourceDate "2023.10.10"]
[SourceVersion "1"]
[SourceVersionDate "2023.10.10"]
[SourceQuality "1"]

1. e4 c6 2. d4 d5 3. Nc3 dxe4 4. Nxe4 Bf5 5. Ng3 Bg6 6. Nf3 Nd7 7. h4 h6 8. Bd3 Bxd3 9. Qxd3 e6 10. Bd2 Ngf6 11. Ne4 Nxe4 12. Qxe4 Nf6 13. Qe2 Qd5 14. 0-0 Qe4 15. Qxe4 Nxe4 16. Rfe1 Nxd2 17. Nxd2 Be7 18. Nf3 Bf6 19. c3 0-0-0 20. g4 g5 21. hxg5 hxg5 22. Kg2 a5 23. Rh1 b5 24. Rxh8 Rxh8 25. Rh1 Rxh1 26. Kxh1 Kc7 27. Nd2 Be7 28. Kg2 f5 29. f3 Bd6 30. Kf2 Bf4 31. Nb3 fxg4 32. fxg4 a4 33. Nc5 Kd6 34. Nd3 e5 35. dxe5+ Bxe5 36. Ke3 Ke6 37. Ke4 Bd6 38. Kd4 Be7 39. Nc5+ Kd6 40. Ne4+ Ke6 41. b3 axb3 42. axb3 Kf7 43. Ke5 Kg6 44. Ke6 Bf8 45. Kd7 c5 46. Kc6 b4 47. c4 Be7 48. Kd5 Kf7 49. Nxc5 Bd8 50. Ne4 Ke8 51. Ke6 Be7 52. c5 Kd8 53. c6 Bf8 54. Nxg5 Kc7 55. Kd5 Bg7 56. Ne6+ Kc8 57. Nxg7 1-0

[Event "Fagernes op"]
[Site "Fagernes"]
[Date "2020.10.06"]
[Round "3"]
[White "Evenshaug, Amadeus Hestvik"]
[Black "Lund, Terje"]
[Result "1/2-1/2"]
[WhiteElo "1520"]
[BlackElo "2104"]
[PlyCount "174"]
[EventDate "2020.10.04"]
[EventType "swiss"]
[EventRounds "9"]
[EventCountry "NOR"]
[SourceTitle "EXT 2024"]
[Source "ChessBase"]
[SourceDate "2023.10.10"]
[SourceVersion "1"]
[SourceVersionDate "2023.10.10"]
[SourceQuality "1"]

1. e4 c6 2. d4 d5 3. Nc3 dxe4 4. Nxe4 Nf6 5. Nxf6+ exf6 6. Nf3 Bd6 7. Be2 0-0 8. 0-0 Re8 9. c3 Be6 10. Re1 Nd7 11. Be3 Nf8 12. Bd3 Qd7 13. Qc2 Rad8 14. a4 Bb8 15. Nh4 g6 16. c4 f5 17. d5 cxd5 18. cxd5 Bxd5 19. Bb5 Bc6 20. Red1 Qe7 21. Bxc6 Rc8 22. Nf3 Rxc6 23. Qb3 Ne6 24. Re1 Qc7 25. Rad1 Rc8 26. g3 f4 27. Bd4 fxg3 28. hxg3 Nxd4 29. Nxd4 Rf6 30. Nb5 Qb6 31. Qe3 a6 32. Nc3 Qxe3 33. Rxe3 Ba7 34. Re2 Kg7 35. Rd7 Rb8 36. Nd5 Rf5 37. Kg2 Bd4 38. Ne7 Re5 39. Rd2 Bc5 40. Nd5 a5 41. Nf4 Re7 42. Rxe7 Bxe7 43. Rd7 Bf6 44. b3 b5 45. Ra7 Bc3 46. Nd5 Bd2 47. Nc7 bxa4 48. bxa4 h5 49. Ne6+ Kf6 50. Nc5 Kg7 51. Nb7 Rc8 52. Nd6 Rc2 53. Rxf7+ Kg8 54. Ra7 Ra2 55. Ne4 Bb4 56. Nf6+ Kf8 57. Nd7+ Ke7 58. Nb6+ Ke6 59. Ra8 Bc5 60. Rxa5 Bxf2 61. Ra6 Bxb6+ 62. Kh3 Kf5 63. Rxb6 Rxa4 64. Rb5+ Kf6 65. Rb6+ Kg5 66. Rb5+ Kh6 67. Rb6 Ra3 68. Rc6 Re3 69. Ra6 Kg7 70. Kh4 Re4+ 71. Kh3 g5 72. Rb6 Re3 73. Rb7+ Kf6 74. Rb6+ Kf5 75. Rb5+ Re5 76. Rb8 Ke4 77. Rh8 Kf3 78. Rf8+ Ke4 79. Rh8 g4+ 80. Kh4 Kf3 81. Rf8+ Kg2 82. Ra8 Re3 83. Ra2+ Kf3 84. Ra4 Re5 85. Rf4+ Kg2 86. Ra4 Rf5 87. Ra2+ Kf3 1/2-1/2

[Event "Bergen Sommer Super-NGP A"]
[Site "Bergen"]
[Date "2019.08.01"]
[Round "9"]
[White "Evenshaug, Amadeus Hestvik"]
[Black "Flatebo, Hallvard Haug"]
[Result "0-1"]
[WhiteElo "1769"]
[BlackElo "1857"]
[PlyCount "150"]
[EventDate "2019.07.29"]
[EventType "swiss"]
[EventRounds "9"]
[EventCountry "NOR"]
[SourceTitle "EXT 2024"]
[Source "ChessBase"]
[SourceDate "2023.10.10"]
[SourceVersion "1"]
[SourceVersionDate "2023.10.10"]
[SourceQuality "1"]

1. e4 c5 2. Nf3 d6 3. d4 cxd4 4. Nxd4 Nf6 5. Nc3 a6 6. Be3 e6 7. Be2 Be7 8. 0-0 0-0 9. f3 b5 10. a3 Bb7 11. Qd2 Nbd7 12. Rad1 Rc8 13. Rfe1 Qc7 14. Bf2 Ne5 15. Nb3 Nc4 16. Bxc4 Qxc4 17. Na5 Qc7 18. Nxb7 Qxb7 19. Bd4 Rfd8 20. Qf2 b4 21. axb4 Qxb4 22. Nb1 d5 23. c3 Qb7 24. exd5 Rxd5 25. Bxf6 Bxf6 26. Rxd5 Qxd5 27. Nd2 Be7 28. Kh1 Bc5 29. Qe2 Qb7 30. Ne4 Be7 31. Ra1 Rc6 32. h3 h6 33. Qd2 Rb6 34. b4 Rc6 35. Qd3 f5 36. Nc5 Bxc5 37. bxc5 Rxc5 38. Rxa6 Rxc3 39. Qd8+ Kf7 40. Ra8 Rc1+ 41. Kh2 Qc7+ 42. Qxc7+ Rxc7 43. Kg3 e5 44. Ra6 g6 45. Rb6 Re7 46. Kf2 Re6 47. Rb8 g5 48. Ke3 Ra6 49. Rb3 Rd6 50. g3 h5 51. Rb7+ Kf6 52. Rh7 f4+ 53. gxf4 gxf4+ 54. Ke2 Kg5 55. Rh8 Kh4 56. Re8 Rd5 57. Rh8 Ra5 58. Rh7 Ra3 59. Rh8 Kg3 60. Rxh5 Re3+ 61. Kf1 Kxf3 62. h4 e4 63. Ra5 Rc3 64. Ra1 Kg4 65. Ra4 Re3 66. Ra8 Rh3 67. Rg8+ Kf3 68. Ke1 e3 69. Rg1 Rxh4 70. Rf1+ Ke4 71. Ke2 f3+ 72. Ke1 Kd3 73. Rxf3 Rh1+ 74. Rf1 Rxf1+ 75. Kxf1 Kd2 0-1

[Event "NOR-ch U14"]
[Site "Larvik"]
[Date "2019.07.08"]
[Round "4"]
[White "Evenshaug, Amadeus Hestvik"]
[Black "Nordquelle, Amelia"]
[Result "1-0"]
[WhiteElo "1769"]
[BlackElo "1648"]
[PlyCount "67"]
[EventDate "2019.07.05"]
[EventType "swiss"]
[EventRounds "9"]
[EventCountry "NOR"]
[SourceTitle "EXT 2024"]
[Source "ChessBase"]
[SourceDate "2023.10.10"]
[SourceVersion "1"]
[SourceVersionDate "2023.10.10"]
[SourceQuality "1"]

1. e4 e5 2. Nf3 Nc6 3. d4 exd4 4. Bc4 Nf6 5. 0-0 Bc5 6. e5 d5 7. Bb5 Ng8 8. Nxd4 Nge7 9. Bg5 Bxd4 10. Bxc6+ bxc6 11. Qxd4 h6 12. Bd2 0-0 13. Re1 Nf5 14. Qc5 Bd7 15. Bc3 Qg5 16. Bd2 Qg6 17. Bf4 Rfb8 18. b3 Rb5 19. Qc3 c5 20. a4 Rb4 21. Bg3 Rg4 22. Qxc5 h5 23. Qxc7 Bc6 24. e6 Nd4 25. c3 Ne2+ 26. Rxe2 Be8 27. e7 h4 28. Qd8 Qc6 29. h3 Rg6 30. Bxh4 f5 31. Rd2 Rd6 32. Qa5 a6 33. Bg3 Rg6 34. Qxd5+ 1-0

[Event "Gibraltar Amateur op-A"]
[Site "Caleta"]
[Date "2019.01.23"]
[Round "3"]
[White "Evenshaug, Amadeus Hestvik"]
[Black "Guardia Bencomo, Tomas"]
[Result "0-1"]
[WhiteElo "1383"]
[BlackElo "1664"]
[PlyCount "116"]
[EventDate "2019.01.21"]
[EventType "swiss"]
[EventRounds "5"]
[EventCountry "GGB"]
[SourceTitle "CBM 188 Extra"]
[Source "ChessBase"]
[SourceDate "2019.02.26"]
[SourceVersion "1"]
[SourceVersionDate "2019.02.26"]
[SourceQuality "1"]

1. e4 c5 2. Nf3 d6 3. d4 cxd4 4. Nxd4 Nf6 5. Nc3 a6 6. Be3 Nc6 7. Be2 e6 8. 0-0 Be7 9. f4 0-0 10. Nxc6 bxc6 11. Bd3 a5 12. e5 Nd5 13. Nxd5 cxd5 14. Qh5 g6 15. Qh6 Re8 16. exd6 Bf8 17. Qg5 Qxg5 18. fxg5 Bxd6 19. Bb5 Rf8 20. b3 e5 21. Rf6 Be7 22. Rb6 Bf5 23. Bc6 Rac8 24. Bxd5 Rxc2 25. Rb5 Bb4 26. a3 Bc3 27. Rd1 Rc8 28. Rb7 Be6 29. Bxe6 fxe6 30. Rdd7 e4 31. Rxh7 Re2 32. Bb6 Rf8 33. g4 e3 34. Rhd7 Re1+ 35. Kg2 Be5 36. Rd8 Re2+ 37. Kg1 Bxh2+ 38. Kh1 Rxd8 39. Bxd8 Ra2 40. a4 Bf4 41. Bxa5 e2 42. Be1 Bd2 43. Rb8+ Kf7 44. Rb7+ Ke8 45. Bf2 Be3 46. Bg3 Ra1+ 47. Kg2 Rg1+ 48. Kf3 Rxg3+ 49. Kxe2 Bxg5 50. Rg7 Rxg4 51. a5 Bd8 52. a6 Rg2+ 53. Kd3 Ra2 54. a7 Be7 55. Rg8+ Bf8 56. Rxg6 Kf7 57. Rg4 Rxa7 58. Rf4+ Ke7 0-1

[Event "Konnerud NGP B"]
[Site "Konnerud"]
[Date "2018.12.01"]
[Round "2"]
[White "Beitnes, Andreas Roberg"]
[Black "Evenshaug, Amadeus Hestvik"]
[Result "1-0"]
[WhiteElo "1527"]
[BlackElo "1350"]
[PlyCount "102"]
[EventDate "2018.12.01"]
[EventType "swiss"]
[EventRounds "5"]
[EventCountry "NOR"]
[SourceTitle "EXT 2024"]
[Source "ChessBase"]
[SourceDate "2023.10.10"]
[SourceVersion "1"]
[SourceVersionDate "2023.10.10"]
[SourceQuality "1"]

1. e4 c6 2. d4 d5 3. Nc3 dxe4 4. Nxe4 Nf6 5. Nxf6+ exf6 6. Nf3 Bd6 7. Be3 0-0 8. Bc4 Bf5 9. a3 Re8 10. Qd2 Nd7 11. h3 Bf8 12. Bd3 Bg6 13. g4 Bxd3 14. Qxd3 c5 15. 0-0-0 cxd4 16. Nxd4 Nc5 17. Qc4 Rc8 18. Ne6 Qb6 19. Nxf8 Nb3+ 20. Kb1 Rxc4 21. Bxb6 axb6 22. cxb3 Rf4 23. Nd7 Rxf2 24. Rhe1 Rc8 25. Nxb6 Rb8 26. Nc4 Rh2 27. Rd3 h6 28. Red1 Kh7 29. Nd6 Rf8 30. Nf5 g6 31. Ne7 Re8 32. Re3 g5 33. Rd7 Rh1+ 34. Ka2 Rh2 35. Rxb7 h5 36. gxh5 f5 37. a4 f4 38. Rf3 Re2 39. Nf5 Rf8 40. a5 Kg8 41. b4 Re5 42. Nh6+ Kg7 43. Ng4 Re6 44. b5 Re4 45. Ka3 Rd8 46. a6 Rdd4 47. b3 Rd1 48. a7 Ree1 49. Nf2 Ra1+ 50. Kb4 Red1 51. Nxd1 Rxd1 1-0

[Event "Oslo op"]
[Site "Oslo"]
[Date "2018.10.04"]
[Round "6"]
[White "Holand, Per Fredrik"]
[Black "Evenshaug, Amadeus Hestvik"]
[Result "1-0"]
[WhiteElo "1882"]
[BlackElo "1358"]
[PlyCount "57"]
[EventDate "2018.09.30"]
[EventType "swiss"]
[EventRounds "10"]
[EventCountry "NOR"]
[SourceTitle "EXT 2020"]
[Source "ChessBase"]
[SourceDate "2019.10.17"]
[SourceVersion "1"]
[SourceVersionDate "2019.10.17"]
[SourceQuality "1"]

1. b3 d5 2. f4 e6 3. Bb2 Nf6 4. Nf3 c5 5. e3 Nc6 6. Bb5 Bd7 7. 0-0 a6 8. Bxc6 Bxc6 9. d3 Be7 10. Nbd2 0-0 11. Ne5 Qc7 12. Rf3 Rfd8 13. Rh3 b5 14. g4 h6 15. g5 hxg5 16. fxg5 Rdc8 17. Nxc6 Qxc6 18. gxf6 Bxf6 19. Bxf6 gxf6 20. Qg4+ Kf8 21. Rh8+ Ke7 22. Rxc8 Rxc8 23. Nf3 c4 24. dxc4 dxc4 25. Nd4 Qa8 26. Qf3 Rg8+ 27. Kf2 Qc8 28. Nc6+ Kd7 29. Rd1+ 1-0

[Event "Oslo op"]
[Site "Oslo"]
[Date "2018.10.02"]
[Round "4"]
[White "Evenshaug, Amadeus Hestvik"]
[Black "Boe, Oeyvind"]
[Result "0-1"]
[WhiteElo "1358"]
[BlackElo "1885"]
[PlyCount "60"]
[EventDate "2018.09.30"]
[EventType "swiss"]
[EventRounds "10"]
[EventCountry "NOR"]
[SourceTitle "EXT 2020"]
[Source "ChessBase"]
[SourceDate "2019.10.17"]
[SourceVersion "1"]
[SourceVersionDate "2019.10.17"]
[SourceQuality "1"]

1. e4 c5 2. Nf3 e6 3. d4 cxd4 4. Nxd4 Nc6 5. Be3 Qc7 6. Nb5 Qb8 7. N1c3 a6 8. Nd4 Nf6 9. Be2 Bb4 10. f3 d5 11. exd5 Nxd5 12. Nxc6 bxc6 13. Bd2 Bd6 14. Nxd5 exd5 15. Be3 Bxh2 16. Qd4 Be5 17. Qa4 0-0 18. Qxc6 Qxb2 19. Kf2 d4 20. Bd2 Bf5 21. Qd5 d3 22. Bxd3 Bxd3 23. Qxd3 Qd4+ 24. Qxd4 Bxd4+ 25. Ke2 Rfe8+ 26. Kd3 Bxa1 27. Rxa1 Rad8+ 28. Kc3 Re2 29. Rd1 Rxg2 30. Re1 Rgxd2 0-1

[Event "Oslo op"]
[Site "Oslo"]
[Date "2018.10.01"]
[Round "2"]
[White "Evenshaug, Amadeus Hestvik"]
[Black "Syse, Knut"]
[Result "1/2-1/2"]
[WhiteElo "1358"]
[BlackElo "1728"]
[PlyCount "160"]
[EventDate "2018.09.30"]
[EventType "swiss"]
[EventRounds "10"]
[EventCountry "NOR"]
[SourceTitle "EXT 2020"]
[Source "ChessBase"]
[SourceDate "2019.10.17"]
[SourceVersion "1"]
[SourceVersionDate "2019.10.17"]
[SourceQuality "1"]

1. e4 c6 2. Nc3 d5 3. d4 dxe4 4. Nxe4 Bf5 5. Ng3 Bg6 6. h4 h6 7. Nf3 e6 8. h5 Bh7 9. Bd3 Bxd3 10. Qxd3 Nf6 11. Bd2 Be7 12. 0-0-0 0-0 13. Ne4 Nbd7 14. Kb1 Nxe4 15. Qxe4 Nf6 16. Qe2 Qd5 17. Ne5 Qe4 18. Qd3 Qxd3 19. Nxd3 Rfd8 20. c3 Rac8 21. Ne5 c5 22. Be3 Nd5 23. Rhe1 Bd6 24. Nf3 cxd4 25. Bxd4 Bc5 26. g3 Bxd4 27. Nxd4 Nf6 28. Rh1 Rd5 29. Nb3 Rcd8 30. Rxd5 Rxd5 31. Rh4 Nxh5 32. c4 Re5 33. Rd4 Nf6 34. Rd8+ Kh7 35. c5 Rd5 36. Rxd5 Nxd5 37. Kc2 Nb4+ 38. Kc3 Nc6 39. Kc4 Kg8 40. Kb5 Kf8 41. a4 Ke7 42. a5 Kd7 43. a6 bxa6+ 44. Kxa6 Nb4+ 45. Kxa7 Kc6 46. Kb8 Nd3 47. Na5+ Kxc5 48. Nb7+ Kd5 49. Nd8 f5 50. Kc7 Nxf2 51. b4 Nd3 52. b5 Nc5 53. b6 e5 54. Nc6 f4 55. gxf4 exf4 56. Ne7+ Kc4 57. Ng6 h5 58. Nxf4 h4 59. Nh3 Kb5 60. Kd6 Kxb6 61. Ke5 Kc6 62. Kf5 Kd6 63. Kg5 Ke6 64. Kxh4 Ne4 65. Ng5+ Nxg5 66. Kxg5 Kf7 67. Kf5 g6+ 68. Kg5 Kg7 69. Kg4 Kf6 70. Kf4 g5+ 71. Kg4 Kg6 72. Kg3 Kf5 73. Kf3 g4+ 74. Kg3 Kg5 75. Kg2 Kf4 76. Kf2 g3+ 77. Kg2 Kg4 78. Kg1 Kf3 79. Kf1 g2+ 80. Kg1 Kg3 1/2-1/2

[Event "Oslo Sveins op 10th"]
[Site "Oslo"]
[Date "2017.06.27"]
[Round "8"]
[White "Eriksen, Dagfinn"]
[Black "Evenshaug, Amadeus Hestvik"]
[Result "1-0"]
[WhiteElo "1711"]
[BlackElo "1214"]
[PlyCount "43"]
[EventDate "2017.06.23"]
[EventType "swiss"]
[EventRounds "9"]
[EventCountry "NOR"]
[SourceTitle "CBM 179 Extra"]
[Source "ChessBase"]
[SourceDate "2017.08.23"]
[SourceVersion "1"]
[SourceVersionDate "2017.08.23"]
[SourceQuality "1"]

1. e4 e5 2. Nf3 Nc6 3. Bb5 a6 4. Bxc6 dxc6 5. Nc3 Bd6 6. d3 Nf6 7. Bg5 h6 8. Bh4 Bg4 9. h3 Bh5 10. g4 Bg6 11. a3 Qe7 12. b4 0-0-0 13. Qd2 Bh7 14. Qe3 Kb8 15. Ke2 g5 16. Bg3 c5 17. b5 a5 18. b6 cxb6 19. Rab1 Qc7 20. Nb5 Qc6 21. Nxd6 Rxd6 22. Bxe5 1-0